000 00822cam a22002771 4500
001 76369
003 BD-RjUL
005 20211209082830.0
008 191127r19601968nyua 001 0 eng
035 _a(BD-RjUL)76590
035 _a(OCoLC)617755
040 _aDLC
_cODaWU
_dBD-RjUL
_beng
041 _aeng
082 0 0 _a780.9
_bMIH 1968
_223
100 1 _aMiller, Hugh Milton,
_d1891-
_950961
245 1 0 _aHistory of music /
_cHugh Milton Miller.
250 _a3rd ed.Revised and Enlarged
260 _aNew York :
_bBarnes & Noble,
_cc1960 [Printing 1968].
300 _axiv, 289 p. :
_billus. ;
_c21 cm.
500 _aIncludes index.
650 0 _aMusic
_xHistory and criticism.
_950963
942 _2ddc
_cBK
999 _c76369
_d76369